000 00476nam a2200169Ia 4500
003 IN-BaIIA
008 211028s9999 xx 000 0 eng d
040 _cIIA Library
080 _a621.391
_bBEL
100 _aBell, D. A
_94584
245 0 _aInformation theory and Its engineering applications
_cD. A. Bell
260 _aLondon
_bSir Isaac Pitman and Sons
_c1953
300 _aviii, 138p.
650 _a Information Theory
_98142
650 _aNASA Thesaurus 
942 _cBK
999 _c4610
_d4610